1211 1877 1066 1272 1932 1566 1537 1807 1482 1158 1759 1208 1892 1182 1801 1534 1668 1029 1831 1287 1691 1369 1100 1041 1286 1653 1639 1002 1989 1850 1936 1801 1794 1337 1130 1386 1478 1050 1931 1161 1292 1261 1675 1462 1449 1453 1695 1988 1082 1113 1951 1034 1253 1006 1176 1400 1981 1399 1926 1320 1172 1759 1026 1356 1072 1321 1969 1450 1439 1405 1623 1083 1467 1260 1344 1766 1353 1384 1271 1488 1210 1366 1164 1400 1272 1219 1610 1500 1786 1469 1341 1646 1760 1073 1771 1374 1370 1158 1556 BCNSPRNW ULIB Ver.6.0+V

เปลี่ยนเป็นภาษาไทย

Change to English
 แสดงรายละเอียดบรรณานุกรม
  กลับหน้าหลัก

Brief Record : Get Marc (ISO 2709) : E-mail record : QR code < ปิดหน้าต่าง
LEADER : 00000nam 2200000uu 4500
001    13399109143
003     ULIB
008    110322s2543||||th 000 0 tha d
020    9746324918
060 04 WA292^bว687ก 2543
100 0  วิรัตน์ ศรีนพคุณ
245 10 การปฐมพยาบาล /^cวิรัตน์ ศรีนพคุณ, ศรี ศรีนพคุณ
250    พิมพ์ครั้งที่ 3
260    กรุงเทพฯ :^bโรงพิมพ์จุฬาลงกรณ์มหาวิทยาลัย,^c2543
300    185 หน้า :^bภาพประกอบ ;^c26 ซม.
650  7 ปฐมพยาบาล
700 0  ศรี ศรีนพคุณ
945    ^p180^l0^i014736
945    ^p180^l0^i014735
945    ^p180^l0^i014734
995    ทศพร
999 ^a ใช้งานได้ทุกระบบ
รายการนี้ยังไม่มีแท็ก
คุณยังไม่ได้ล็อกอิน คุณสามารถมีกิจกรรมร่วมกับเว็บไซต์ได้ แต่ต้องล็อกอินก่อน ::
  ล็อกอิน

รายการสื่อสารสนเทศ

ลำดับที่ ประเภท เลขเรียก/บาร์โค้ด สถานที่ สถานะ
- ไม่พบข้อมูล -

รายการใกล้เคียง
    ผู้แต่ง [วิรัตน์ ศรีนพคุณ]

    หัวเรื่อง [ปฐมพยาบาล]

BibComment


ยังไม่เคยถูกคอมเมนท์

คอมเมนท์ทรัพยากรรายการนี้
  คอมเมนท์: การปฐมพยาบาล วิร..


 Copyright 2026. Bcnsprnw @Library